000
00310nam a2200097Ia 4500
005
20250424112858.0
008
250424s9999 xx 000 0 und d
300
_a
viii, 87 p. ill. ; 28 cm.
650
_a
Health education--Nigeria. Health promotion--Nigeria. Education--Nigeria. Athletics--Nigeria.
942
_c
SR
999
_c
37659
_d
37659